Qing shao nian ying bi zi shu xie ji fa /

Saved in:
Bibliographic Details
Main Author: Zhang, Xuepeng
Format: Book
Language:Chinese
Published: Beijing : Jin Dun, 2001.
Subjects:
LEADER 01001cam a2200277 a 4500
001 c000395982
003 CARM
005 20140214094624.0
008 140214s2001 cc 000 0 chi d
019 1 |a 28573788  |5 LACONCORD2021 
020 |a 7508216059 (pbk.) 
035 |a (OCoLC)224816900  |5 LACONCORD2021 
040 |a VVUT  |b eng  |c VVUT 
082 0 4 |a 495.111  |2 22 
100 1 |a Zhang, Xuepeng. 
245 1 0 |a Qing shao nian ying bi zi shu xie ji fa /  |c Zhang Xuepeng zhu. 
260 |a Beijing :  |b Jin Dun,  |c 2001. 
300 |a 2, 139 p. ;  |c 19 cm. 
650 0 |a Chinese language  |x Writing. 
650 0 |a Penmanship, Chinese. 
650 0 |a Chinese characters  |x Study and teaching. 
852 8 |b CARM  |p 0557751  |f BK 
852 8 |b SCAN  |h A3:AE29G0  |i A05791  |p 0557751  |f BK 
999 f f |i f24bdeef-dc8a-50c0-8cb8-a03c86ed5c84  |s 6f87bd10-ad73-5d7f-8c77-e54af67cc80c 
952 f f |p Can circulate  |a CAVAL  |b CAVAL  |c CAVAL  |d CARM 1 Store  |i book  |m 0557751 
952 f f |a CAVAL  |b CAVAL  |c CAVAL  |d Unmapped Location  |e A05791  |f A3:AE29G0  |h Other scheme